| 000 | 00685nam a2200193Ii 4500 | ||
|---|---|---|---|
| 003 | JO-AjNU | ||
| 008 | 230605s9999||||xx |||||||||||||| ||und|| | ||
| 040 |
_aJO-AjNU _bara _erda _cJO-AjNU |
||
| 041 | _aara | ||
| 050 | 1 | 4 | _aHD9000.5 .D34 2001 |
| 100 | 3 |
_aالديوه جي، أبو سعيد , _eauthor _933244 |
|
| 245 | 0 | 0 | _aمبادئ التسويق الزراعي |
| 264 | 3 | 1 | _aعمان:دار الحامد للنشر والتوزيع،2001 |
| 300 | _a288ص | ||
| 336 |
_atext _btxt _2rdacontent |
||
| 337 |
_aunmediated _bn _2rdamedia |
||
| 338 |
_avolume _bnc _2rdacarrier |
||
| 650 | 4 |
_aالإنتاج الزراعي - تسويق -الصناعات الغذائية _933245 |
|
| 999 |
_aA13510 _c17078 _d17078 |
||